[Event "USA-ch Juniors 2018"]
[Site "Saint Louis"]
[Date "2018.07.21"]
[Round "9"]
[White "Patel, Advait"]
[Black "Li, Ruifeng"]
[Result "1-0"]
[WhiteElo "2461"]
[BlackElo "2583"]
[Annotator "TA"]
[PlyCount "87"]
[EventDate "2018.07.12"]
[EventType "tourn"]
[EventCountry "USA"]
[SourceTitle "playchess.com"]
[Source "ChessBase"]
[SourceQuality "1"]

{[%evp 16,87,101,52,64,64,85,40,47,41,41,48,39,47,48,45,35,41,66,33,102,108,114,83,90,0,0,0,0,0,0,0,41,44,61,58,327,344,316,334,318,293,343,321,322,316,282,283,264,274,433,444,443,439,423,421,545,532,520,512,572,556,703,684,740,720,1044,1016,906,1400,1393,1382,1210,1187]} 1. e4 c5 2. Nf3 d6 3. d4 cxd4 4. Nxd4 Nf6 5. Nc3 g6 6. Be3 Bg7 7. f3 a6 8. Qd2 Nbd7 9. Be2 {LiveBook: 13 Games. B75: Sicilian Dragon: Yugoslav Attack, Miscellaneous} (9. a4 Ne5 10. Be2 Bd7 11. a5 Rc8 12. g4 Nc4 13. Bxc4 Rxc4 14. g5 Nh5 15. Nd5 O-O 16. Nb6 Rc7 {0-1 (67) Bacrot,E (2725)-Adhiban,B (2655) Riadh 2017}) 9... Qc7 10. g4 {[%cal Bg2g4,Bg4g5][%mdl 32]} b5 11. g5 {White is better.} b4 12. Nd1 (12. gxf6 bxc3 13. Qxc3 Qxc3+ 14. bxc3 Bxf6 $15) 12... Nh5 13. Qxb4 $146 ({Predecessor:} 13. c3 a5 14. Rc1 Qb7 15. cxb4 axb4 16. Rc4 b3 {1-0 (49) O'Hare,C (2408)-Salati,P (2433) ICCF email 2009}) 13... Rb8 14. Qd2 Nc5 15. O-O O-O 16. Nb3 Bh3 17. Rf2 Be5 ({Black should try} 17... Na4 $14) 18. Nc3 $16 Rfc8 19. Nd5 Qd8 20. c3 (20. Rd1 $16 {Strongly threatening Nxc5.} e6 21. Nc3) 20... Rxb3 $1 $11 21. Bxc5 Rxb2 $1 22. Qxb2 Rxc5 23. f4 Nxf4 (23... Rxd5 $5 24. exd5 Nxf4 $14) 24. Rxf4 {[#] Hoping for Rf2.} Rxd5 $1 25. Rf3 $36 {[%mdl 2048] White is pushing.} Qc8 $2 {[%mdl 8192]} ({Better is} 25... Rc5 $1 $14 26. Rxh3 Qc8) 26. exd5 $18 Qg4+ 27. Rg3 Qh4 28. Kf2 ({Inferior is} 28. Bxa6 Bxg3 29. hxg3 Qxg3+ 30. Kh1 Qf3+ 31. Kh2 Qh5 $11) ({Weaker is} 28. Qb8+ Kg7 $16) 28... Bf5 29. Kg2 Bxg3 30. hxg3 Qh3+ 31. Kf2 Qh2+ 32. Kf3 h5 (32... Bh3 {might work better.} 33. Rd1 Qg2+ 34. Ke3 Qxg3+ 35. Kd2 Qxg5+ 36. Kc2 h5 37. Qb8+ (37. Bxa6 h4 $18) 37... Kg7) 33. gxh6 $1 {White is clearly winning.} Qh5+ 34. Ke3 Qxh6+ 35. Kd4 Qg7+ 36. Kc4 Qe5 37. Qd2 Be4 38. Rd1 e6 39. Kb4 Bxd5 40. Bxa6 Bf3 41. Qxd6 Qe4+ 42. Qd4 Qc2 43. Rd2 Qb1+ 44. Ka5 {Precision: White = 67%, Black = 36%.} 1-0

[Event "USA-ch Juniors 2018"]
[Site "Saint Louis"]
[Date "2018.07.21"]
[Round "9"]
[White "Brattain, Mika"]
[Black "Tang, Andrew"]
[Result "0-1"]
[WhiteElo "2399"]
[BlackElo "2507"]
[Annotator "TA"]
[PlyCount "86"]
[EventDate "2018.07.12"]
[EventType "tourn"]
[EventCountry "USA"]
[SourceTitle "playchess.com"]
[Source "ChessBase"]
[SourceQuality "1"]

{[%evp 29,86,0,0,0,0,0,0,6,27,0,-7,-5,0,0,0,0,0,-28,-27,-182,-170,-168,-170,-160,-141,-222,-221,-220,-217,-214,-136,-136,-74,-76,-75,-161,-161,-166,-116,-107,-114,-150,-145,-222,-215,-237,-242,-239,-241,-643,-631,-741,-736,-706,-693,-1038,-1014,-1022,-994]} 1. d4 d5 2. c4 e6 3. Nc3 Be7 4. Nf3 Nf6 5. Bg5 h6 6. Bh4 O-O 7. e3 b6 8. Be2 Bb7 9. Bxf6 Bxf6 10. cxd5 exd5 11. b4 {[%cal Bb2b4,Bb4b5][%mdl 32]} c6 12. O-O Re8 13. Rc1 Qd6 14. Qb3 Nd7 {[%cal Bb8d7,Bd7c5,Bc5e4][%mdl 32]} 15. Rfd1 {D58: Queen's Gambit Declined: Tartakower Defence} a5 {LiveBook: 5 Games} 16. b5 c5 17. dxc5 {The position is equal.} Nxc5 18. Qa3 Rad8 (18... Rac8 19. Nd4 Be5 20. g3 {0-1 (20) Vovk,Y (2592)-Fedorchuk,S (2669) Vandoeuvre 2014 EXT 2017 [RR]}) 19. Nd4 Be5 20. h3 $146 ({Predecessor:} 20. g3 Qf6 21. Bf1 Ne4 22. Rc2 Rc8 23. Nxe4 dxe4 {½-½ (53) Arakelian,E-Zarubin,P (2410) St Petersburg 1994}) 20... Qf6 $36 {[%mdl 2048] Black is more active.} 21. Bf3 Ne4 22. Qb3 g6 23. Na4 {Strongly threatening Nc6.} Ng5 24. Rd3 $2 (24. Qd3 $11 {and White is okay.}) 24... Bxd4 $19 25. Rxd4 Nxf3+ 26. gxf3 Qxf3 27. Rc7 {[#]} (27. Qd1 $17 Qxh3 28. Qg4 Qxg4+ 29. Rxg4) 27... Rc8 $1 {[%cal Rc8c7]} ({Don't do} 27... Qxh3 28. e4 $17) 28. Rxc8 Rxc8 29. Qd1 Qf6 30. Kg2 Re8 (30... h5 $142 31. h4 Qe6) 31. Qf3 $17 Qd6 32. Qf4 (32. Qg3 $17 Qd8 33. Nc3) 32... Qxf4 $19 33. exf4 {[%mdl 4096] Endgame KRB-KRN} Re6 34. Kg3 Kf8 35. Nc3 Ke7 36. Na4 (36. f5 $17 {was necessary.} gxf5 37. Nxd5+ Bxd5 38. Rxd5) 36... Kd6 37. Rd2 Re4 38. Nxb6 {[#]} Rb4 $1 39. a4 $2 (39. Rd1) 39... d4 {Black is clearly winning.} 40. Rc2 Rb3+ 41. Kh2 Rc3 42. Nc4+ Kc5 43. Ne3 Be4 {Precision: White = 53%, Black = 76%.} 0-1

[Event "USA-ch Juniors 2018"]
[Site "Saint Louis"]
[Date "2018.07.21"]
[Round "9"]
[White "Wang, Annie"]
[Black "Burke, John Michael"]
[Result "1/2-1/2"]
[WhiteElo "2299"]
[BlackElo "2608"]
[Annotator "TA"]
[PlyCount "98"]
[EventDate "2018.07.12"]
[EventType "tourn"]
[EventCountry "USA"]
[SourceTitle "playchess.com"]
[Source "ChessBase"]
[SourceQuality "1"]

{[%evp 22,98,18,15,43,-14,-14,-14,-6,-12,0,0,0,-17,-20,-8,-12,-10,22,-16,-2,-50,-39,-44,-41,-29,-21,-30,-53,-31,-49,-50,-54,-36,0,0,0,0,0,0,0,0,0,0,0,0,0,0,0,0,0,0,0,0,1,0,0,0,0,0,0,-12,-12,-22,-6,-30,0,0,0,0,0,-6,0,0,0,0,0,0,0]} 1. d4 Nf6 2. c4 g6 3. Nc3 d5 4. cxd5 Nxd5 5. e4 Nxc3 6. bxc3 Bg7 7. Bb5+ {[%cal Bf1b5,Bb5a4,Ba4b3,Bb3c2,Bc2d3][%mdl 32]} c6 8. Ba4 O-O 9. Ne2 b5 10. Bb3 a5 {D85: Grünfeldindisch (Abtauschvariante, 7.Sf3 bzw nicht 7.Lc4)} 11. O-O (11. a4 b4 12. cxb4 axb4 13. Be3 c5 14. Rc1 cxd4 15. Nxd4 Bd7 16. O-O Qe8 17. Rc4 Bxa4 18. Rxb4 Bxb3 19. Qxb3 {½-½ (30) Svidler,P (2729)-Grischuk,A (2794) Sochi 2015}) 11... a4 12. Bc2 {LiveBook: 9 Partien} Nd7 13. Rb1 ({Günstiger ist} 13. e5 $14) 13... Nb6 $11 14. Bd3 Be6 15. Qc2 Bc4 16. Ba3 Re8 $146 ({Vorgänger:} 16... Bxd3 17. Qxd3 Nc4 18. Bc5 Qd7 19. f4 f5 20. Ng3 fxe4 21. Nxe4 Bh6 22. g3 Rf5 23. Rbe1 Re8 {½-½ (23) Posedaru,B (2337)-Stella,A (2477) Skopje 2013}) 17. f4 e6 18. Bc5 Bxd3 19. Qxd3 Nc4 20. Ng3 f5 21. Rfe1 Bh6 22. Ne2 fxe4 23. Qh3 $1 {[%cal Rh3h6]} Bg7 24. Ng3 e3 25. Nf1 Qd5 26. Ra1 Qf5 27. Qf3 $1 Qc2 28. Nxe3 Qxc3 29. Rac1 $36 {[%mdl 2048] Weiss hat gut koordiniertes Spiel.} Qd2 {[#] Droht ...Sxe3 und aus.} 30. Nxc4 bxc4 31. Qf2 $1 {[%cal Rf2d2]} c3 32. Rc2 Qd3 33. Re3 Qd1+ 34. Re1 Qd3 35. Re3 Qf5 36. Rexc3 Rab8 37. h3 Red8 38. Kh2 Rb1 39. Rc1 Rxc1 40. Rxc1 g5 41. g3 gxf4 42. gxf4 Kh8 43. Rg1 Qe4 {[%cal Rg7d4]} 44. Qh4 {Die Stellung ist ausgeglichen.} Rb8 {[#] ( -> ...Tb2+)} 45. Rg2 Qd5 46. Qf2 Rb7 47. Qg3 h6 48. Qg6 {zielt auf Lf8 ab.} Qf5 $1 49. Qxf5 exf5 {Precision: Weiß = 67%, Schwarz = 73%.} 1/2-1/2

[Event "USA-ch Juniors 2018"]
[Site "Saint Louis"]
[Date "2018.07.21"]
[Round "9"]
[White "Bian, Alex"]
[Black "Balakrishnan, Praveen"]
[Result "1-0"]
[WhiteElo "2291"]
[BlackElo "2411"]
[Annotator "TA"]
[PlyCount "43"]
[EventDate "2018.07.12"]
[EventType "tourn"]
[EventCountry "USA"]
[SourceTitle "playchess.com"]
[Source "ChessBase"]
[SourceQuality "1"]

{[%evp 20,43,-36,-69,-20,-11,-30,-13,-9,-42,101,-70,35,43,232,232,265,265,302,302,275,227,275,216,29997,29998]} 1. e4 e5 2. Nf3 Nc6 3. d4 exd4 4. Bc4 Nf6 5. e5 d5 6. Bb5 Ne4 7. Nxd4 Bc5 8. Be3 O-O {C56: Two Knights: 4 d4 exd4 5 0-0 Nxe4} 9. Bxc6 (9. Nxc6 bxc6 10. Bxc5 Nxc5 11. Bxc6 Rb8 12. O-O Rxb2 13. Qxd5 Qxd5 14. Bxd5 Rxc2 15. Na3 Re2 16. Rac1 Nd3 17. Rxc7 Be6 18. Bb3 a5 19. Ra7 Bxb3 20. axb3 Rxe5 {1-0 (31) Nakamura,H (2798)-Onischuk,A (2665) Saint Louis 2015}) 9... bxc6 10. Nd2 Bxd4 11. Bxd4 {LiveBook: 3 Games} Qg5 {aiming for ...c5.} 12. Nxe4 dxe4 13. Qd2 $1 {[%cal Rd2g5]} Qxg2 14. O-O-O Be6 15. Bc5 $146 (15. Rhg1 $1 $16 {[%cal Rg1g2]} Qf3 16. Be3) ({Predecessor:} 15. Rhg1 Qh3 16. Rxg7+ Kh8 17. Qg5 {1-0 (17) Ossa,O-Henao,R (2395) Medellin 2001}) 15... e3 (15... Rfb8 $15) 16. Qxe3 $14 Rfd8 $2 {[#]} (16... Rfb8 $14) 17. Rdg1 $1 $18 {[%cal Rg1g2,Bd1g1,Bg1g7,Bg7g8][%mdl 32]} Qd5 {[#]} 18. Rxg7+ $1 {[%mdl 512]} Kh8 ({Stronger than} 18... Kxg7 19. Qg5+ Kh8 20. Qf6+ Kg8 21. Rg1+ Qg2 22. Rxg2+ Bg4 23. Rxg4#) 19. Rhg1 Bf5 {[#]} 20. Qh6 $1 {Threatening mate with Rxh7+!} Qxe5 21. Be7 {White wants to mate with Rxh7+!} ({Weaker is} 21. Rxf7 Rab8 $18) 21... Rd6 $2 {[#]} (21... Rd1+ $18 22. Kxd1 Bxc2+ 23. Kc1 Bg6 24. Rxh7+ Kg8 25. Rxg6+ fxg6 26. Qxg6+ Qg7 27. Qxg7#) 22. Rg8+ $1 {[%mdl 512] Precision: White = 64%, Black = 29%.} 1-0